000 00302nam a22001457a 4500
008 221110b ||||| |||| 00| 0 eng d
020 _a0394730577
041 _aeng
080 _a7
082 _a7 HES
100 _a21.1
101 _aART
245 _aHOW PICTURES MEAN
_cHESS H
942 _2udc
_cBK
999 _c58850
_d58850